LEADER 01302nam0 22003373i 450 001 UFI0294728 005 20231121125907.0 010 $a0197224059 100 $a20161114d1979 ||||0itac50 ba 101 | $aeng 102 $agb 181 1$6z01$ai $bxxxe 182 1$6z01$an 200 1 $aAelfric?s catholic homilies$ethe second series$etext$fedited by Malcolm Godden 210 $aLondon$cOxford University Press$d1979 215 $aXCVI, 390 p., 1 c. di tav.$d22 cm. 225 | $aEarly English text society$i. S. S$v5 410 0$1001CFI0089753$12001 $aEarly English text society$i. S. S$v5$171202$aEarly English text society$3CFIV093087 676 $a820.9001$9$v21 700 0$aÆlfric$3SBLV301889$4070$0542074 702 1$aGodden$b, Malcolm$3MILV123141 790 0$aAelfricus$3CFIV141015$zÆlfric 790 0$aAelfricus : Grammaticus$3CFIV141016$zÆlfric 801 3$aIT$bIT-01$c20161114 850 $aIT-FR0017 899 $aBiblioteca umanistica Giorgio Aprea$bFR0017 912 $aUFI0294728 950 0$aBiblioteca umanistica Giorgio Aprea$d 52CIS Coll EETS-S.S./5$e 52VP 0000194105 VM Inventario:15295FLS$fC $h20080915$i20121204 977 $a 52 996 $aAelfric?s catholic homilies$93641747 997 $aUNICAS LEADER 04387nam 2200721Ia 450 001 9910972775203321 005 20251116231954.0 010 $a1-281-95121-8 010 $a9786611951214 010 $a3-7643-8624-X 024 7 $a10.1007/978-3-7643-8624-5 035 $a(CKB)1000000000546215 035 $a(EBL)1038111 035 $a(SSID)ssj0000149757 035 $a(PQKBManifestationID)11159860 035 $a(PQKBTitleCode)TC0000149757 035 $a(PQKBWorkID)10239518 035 $a(PQKB)10567754 035 $a(MiAaPQ)EBC3063828 035 $a(DE-B1597)206198 035 $a(OCoLC)311484969 035 $a(OCoLC)858016092 035 $a(DE-B1597)9783764386245 035 $a(MiAaPQ)EBC1038111 035 $a(Au-PeEL)EBL3063828 035 $a(CaPaEBR)ebr10271957 035 $a(CaONFJC)MIL195121 035 $a(Au-PeEL)EBL1038111 035 $a(OCoLC)858228748 035 $a(EXLCZ)991000000000546215 100 $a20080123d2008 uy 0 101 0 $aeng 135 $aur|n|---||||| 181 $ctxt 182 $cc 183 $acr 200 10$aETFE $etechnology and design /$fAnnette LeCuyer 205 $a1st ed. 210 $aBasel ;$aBoston $cBirkhauser$d2008 215 $a1 online resource (160 p.) 300 $aDescription based upon print version of record. 311 08$a3-7643-8563-4 320 $aIncludes bibliographical references (p. 156-157) and index. 327 $tFrontmatter -- $tSustaining New Technologies / $rLiddell, Ian -- $tIntroduction: Pleasure. Power and Playload -- $tThe Pneumatic Imagination: Architectural Ideas and Applications -- $tMaterial Matters: ETFE -- $tRisk and Reliability / $rLehnert, Stefan -- $tSoft Structure -- $tThe Performative Skin -- $tEnvironmongery: The Variable Skin -- $tLife Safety -- $tThe Communicative Skin -- $tThe Climatic Envelope -- $tETFE Futures / $rMorris, Ben 330 $aETFE foil has recently become an important material for the cladding of technologically sophisticated and innovative buildings. This material is very thin and lightweight and, when used in air-filled cushion assemblies, has enormous strength and a range of adaptive environmental attributes. ETFE cushion enclosures became known primarily through Grimshaw Architects' Eden Project and Herzog + de Meuron's Allianz Arena, and they are being used on the spectacular swimming stadium for the 2008 Olympic Games in Beijing, the largest ETFE building envelope in the world so far. This book is conceived as an in-depth introduction to the characteristics of ETFE and its applications in construction. Project examples explore in detail the specific characteristics of ETFE building skins in the areas of structural behavior, light transmission, insulation, acoustics, fire engineering and environmental modification. 330 $aIn funktional und technologisch anspruchsvollen und innovativen Gebäudeentwürfen hat die Verwendung von ETFE-Folien in jüngster Zeit große Bedeutung erlangt. Dieses Folienmaterial ist von erstaunlicher Dünnheit bei enormer Reißfestigkeit und ist zum Teil leichter als die Luft, die es umschließt. Bekannt geworden ist das Material vor allem durch das Eden Project von Nicholas Grimshaw und die Allianz Arena von Herzog & de Meuron. Derzeit im Bau ist das spektakuläre Schwimmstadion für die Olympischen Spiele 2008 in Beijing - die bislang weltweit größte ETFE-Struktur.Das Buch ist als fundiertes Grundlagenwerk konzipiert, das sowohl Materialeigenschaften wie technologische und konstruktive Verwendungsmöglichkeiten grundsätzlich und umfassend vermittelt. Ausführlich geht die Autorin auf die Spezifika von ETFE in Bezug auf Lichtdurchlässigkeit, Dämmeigenschaften, Akustik, Brandschutz und ökologische Verträglichkeit ein. Ebenso stellt sie anhand von zahlreichen Projektbeispielen Entwurfslösungen vor. 606 $aFluoropolymers 606 $aBuilding materials 606 $aPolyethylene terephthalate 606 $aPlastics in building 615 0$aFluoropolymers. 615 0$aBuilding materials. 615 0$aPolyethylene terephthalate. 615 0$aPlastics in building. 676 $a691.92 700 $aLeCuyer$b Annette W$01860295 801 0$bMiAaPQ 801 1$bMiAaPQ 801 2$bMiAaPQ 906 $aBOOK 912 $a9910972775203321 996 $aETFE$94465031 997 $aUNINA